[Event "WJun Girls"]
[Site "Yerevan ARM"]
[Date "2006.10.14"]
[Round "11"]
[White "Papadopoulou,V"]
[Black "Butskhrikidze,A"]
[Result "1-0"]
[WhiteElo "2246"]
[BlackElo "2001"]
[EventDate "2006.10.03"]

1. d4 Nf6 2. c4 g6 3. Nc3 Bg7 4. e4 d6 5. Bg5 O-O 6. Qd2 c5 7. d5 Nbd7 8.
Nge2 b5 9. cxb5 a6 10. Ng3 axb5 11. Bxb5 Qa5 12. O-O Rb8 13. a4 Nb6 14. Ra2
Ba6 15. b3 h6 16. Bxa6 hxg5 17. Bb5 Qb4 18. a5 Nfxd5 19. Nxd5 Nxd5 20. Qxd5
Qxb5 21. a6 Ra8 22. a7 Qb6 23. h3 Rxa7 24. Rxa7 Qxa7 25. Qxg5 Rb8 26. h4
Bf6 27. Qg4 Qb7 28. h5 Qxb3 29. hxg6 fxg6 30. Qxg6+ Kf8 31. Nf5 Qf7 32. Qg3
Rb3 33. Qf4 Be5 34. Qg4 Qh7 35. g3 Qg8 36. Qxg8+ Kxg8 37. Nxe7+ Kf7 38. Nf5
Ke6 39. Rd1 Rb6 40. f4 Bh8 41. Kg2 c4 42. Ne3 c3 43. Kf3 Rb3 44. Rc1 Bd4
45. Nc2 Bf6 46. Ke3 d5 47. e5 Bxe5 48. fxe5 Kxe5 49. Kd3 Rb7 50. Rf1 Rg7
51. Rf3 Rg4 52. Kxc3 Ke4 53. Re3+ Kf5 54. Nd4+ Kg5 55. Ne2 Ra4 56. Re5+ Kg4
57. Rxd5 Kf3 58. Re5 Rg4 59. Kd3 Ra4 60. Rf5+ Kg2 61. Ke3 Ra3+ 62. Kf4 Kf2
63. Re5 Rf3+ 64. Kg5 1-0

[Event "WJun Girls"]
[Site "Yerevan ARM"]
[Date "2006.10.14"]
[Round "11"]
[White "Muhren,B"]
[Black "Rudolf,An"]
[Result "0-1"]
[WhiteElo "2336"]
[BlackElo "2265"]
[EventDate "2006.10.03"]

1. e4 e6 2. d4 d5 3. Nd2 c5 4. exd5 Qxd5 5. Ngf3 cxd4 6. Bc4 Qd6 7. O-O Nf6
8. Re1 Nc6 9. Ne4 Nxe4 10. Rxe4 Be7 11. Nxd4 e5 12. Bf4 exf4 13. Nxc6 Qxd1+
14. Rxd1 bxc6 15. Rde1 Kf8 16. Rxe7 Be6 17. R1xe6 fxe6 18. Rc7 h5 19. Kf1
Rh6 20. Rxc6 Re8 21. Rc7 Re7 22. Rc8+ Kf7 23. Ke2 g5 24. Kf3 Rf6 25. h3 Kg7
26. a4 Rf8 27. Rc6 e5 28. Ke4 f3 29. gxf3 Rf4+ 30. Ke3 e4 31. fxe4 Rexe4+
32. Kd3 g4 33. hxg4 Rd4+ 34. Kc3 Rxc4+ 35. Rxc4 Rxc4+ 36. Kxc4 h4 37. Kb5
h3 38. Ka6 h2 39. b4 h1=Q 40. b5 Kf6 41. a5 Qa8 42. g5+ Ke6 43. b6 axb6+
44. Kxb6 Kd6 45. a6 Qb8+ 46. Ka5 Kc5 0-1

[Event "WJun Girls"]
[Site "Yerevan ARM"]
[Date "2006.10.14"]
[Round "11"]
[White "Hamrakulova,Y"]
[Black "Kadziolka,B"]
[Result "1-0"]
[WhiteElo "2209"]
[BlackElo "2346"]
[EventDate "2006.10.03"]

1. d4 b5 2. e4 Bb7 3. Nd2 a6 4. Ngf3 e6 5. c4 bxc4 6. Bxc4 Nf6 7. e5 Nd5 8.
a3 d6 9. O-O Nd7 10. Re1 Be7 11. Ne4 h6 12. Qc2 O-O 13. Ba2 Re8 14. Bd2 Nf8
15. Rac1 Rc8 16. Qb3 Nb6 17. Qc2 Ng6 18. b4 Bf8 19. Bb1 Bxe4 20. Qxe4 c5
21. bxc5 dxc5 22. Ba5 c4 23. Bxb6 Qxb6 24. Nh4 Bxa3 25. Nxg6 Bxc1 26. Ne7+
Kf8 27. Nxc8 1-0

[Event "WJun Girls"]
[Site "Yerevan ARM"]
[Date "2006.10.14"]
[Round "11"]
[White "Videnova,I"]
[Black "Schoene,Mar"]
[Result "1/2-1/2"]
[WhiteElo "2141"]
[BlackElo "2155"]
[EventDate "2006.10.03"]

1. e4 d6 2. c4 g6 3. g3 Bg7 4. Bg2 e5 5. Ne2 Nc6 6. Nbc3 h5 7. h4 Nh6 8.
O-O Be6 9. d3 Qd7 10. Rb1 O-O 11. b4 Nd4 12. Nxd4 exd4 13. Ne2 c5 14. bxc5
dxc5 15. Nf4 Bg4 16. f3 Be6 17. Nxe6 fxe6 18. Bh3 b6 19. a4 Kh7 20. f4 Qc6
21. Bd2 Rab8 22. a5 bxa5 23. Bxa5 Rxb1 24. Qxb1 e5 25. Bd2 exf4 26. Bxf4
Nf7 27. Qa2 Ne5 28. Rd1 Rf7 29. Bg2 Qe6 30. Qe2 Rb7 31. Bf1 Bh6 32. Bg2 Qe7
33. Bxe5 Qxe5 34. Kh2 Rf7 35. Bf3 Bf8 36. Rf1 a5 37. Ra1 Bd6 38. Qg2 Qf6
39. e5 Bxe5 40. Bd5 Ra7 41. Kh1 a4 42. Rf1 Qd6 43. g4 hxg4 44. Qxg4 Bg7 45.
Be4 a3 46. h5 Bh6 47. Bxg6+ Kh8 48. Qc8+ Kg7 49. Qe8 Bf4 50. Rg1 Bg3 51.
h6+ Kxh6 52. Qh8+ Kxg6 53. Rxg3+ Qxg3 54. Qg7+ 1/2-1/2

[Event "WJun Girls"]
[Site "Yerevan ARM"]
[Date "2006.10.14"]
[Round "11"]
[White "Topel,Z"]
[Black "Mikadze,M"]
[Result "0-1"]
[WhiteElo "2256"]
[BlackElo "2229"]
[EventDate "2006.10.03"]

1. d4 Nf6 2. c4 e6 3. Nf3 c5 4. Nc3 d5 5. cxd5 Nxd5 6. e4 Nxc3 7. bxc3 cxd4
8. cxd4 Nc6 9. Be2 Bb4+ 10. Bd2 Qa5 11. a3 Bxd2+ 12. Qxd2 O-O 13. Qxa5 Nxa5
14. O-O b6 15. Rac1 Bb7 16. Bd3 Rac8 17. Rfd1 Nb3 18. Rxc8 Rxc8 19. h3 Kf8
20. Bb1 Ba6 21. Bd3 Bb7 22. Bb1 Na5 23. d5 exd5 24. exd5 Nc4 25. Ba2 Nd6
26. a4 Ne4 27. Bb3 Nc5 28. Bc4 Nxa4 29. Rd4 Nc5 30. Rf4 f6 31. Ng5 Ke7 32.
Nf3 Rd8 33. Rg4 g6 34. Rh4 h5 35. Rd4 g5 36. Rd2 a6 37. Nd4 b5 38. Ba2 Kd7
39. Rc2 Ne4 40. f3 Nd6 41. Ne6 Rc8 42. Nc5+ Kd8 43. Ne6+ Kd7 44. Nc5+ Kd8
45. Ne6+ Ke7 46. Re2 Kd7 47. Ng7 a5 48. Nxh5 Rf8 49. Re6 a4 50. Nxf6+ Rxf6
51. Rxf6 b4 52. Re6 b3 53. Bb1 a3 54. Re2 Bxd5 55. Kf2 Nb5 56. Rd2 Nc3 57.
Bf5+ Kd6 58. Be4 a2 59. Bxd5 Nxd5 0-1

[Event "WJun Girls"]
[Site "Yerevan ARM"]
[Date "2006.10.14"]
[Round "11"]
[White "Mongontuul,B"]
[Black "Purtseladze,M"]
[Result "1/2-1/2"]
[WhiteElo "2383"]
[BlackElo "2329"]
[EventDate "2006.10.03"]

1. e4 c6 2. d4 d5 3. e5 Bf5 4. Be3 e6 5. Nd2 Qb6 6. Nb3 Nd7 7. f4 a5 8. a4
h5 9. Nf3 Bg4 10. Bd3 Bb4+ 11. Kf2 Nh6 12. h3 Bf5 13. Be2 Be7 14. Re1 Be4
15. Ng5 Bxg5 16. fxg5 Nf5 17. Bxh5 Bxc2 18. Bxf7+ Kxf7 19. Qxc2 g6 20. Kg1
Kg7 21. Bf2 Qb4 22. Qc3 Qxc3 23. bxc3 b6 24. g4 Ne7 25. Kg2 Rhc8 26. h4 b5
27. Rec1 Rcb8 28. Rc2 bxa4 29. Nc5 Nxc5 30. dxc5 Rb3 31. Rxa4 Ra7 32. Bd4
Rb5 33. Rca2 Ra8 34. Kg3 Ra7 35. Kf3 Ra8 36. Ke3 Rh8 37. Rh2 Rf8 38. Ra1
Ra8 39. Rha2 Rh8 40. Rh1 Rf8 41. Rhh2 Rb1 42. Rxa5 Rg1 43. h5 gxh5 44. gxh5
Nf5+ 45. Kd2 Rxg5 46. h6+ Nxh6 47. Be3 Ng4 48. Bxg5 Nxh2 49. Bf6+ Kg6 50.
Ra6 Rc8 51. Ra4 Kf5 52. Be7 Nf3+ 53. Ke3 Nxe5 54. Rf4+ Kg6 55. Rf6+ Kg7 56.
Rxe6 Nc4+ 57. Kf4 Kf7 58. Re1 Re8 59. Bh4 Rxe1 60. Bxe1 Ke6 61. Bf2 Kd7 62.
Kf5 Kc7 63. Ke6 Nd2 64. Bd4 Ne4 65. Ke7 Nd2 66. Be5+ Kb7 67. Kd7 Nc4 68.
Bd4 Na5 69. Be5 Nb3 70. Bd4 Nd2 71. Be5 Nb1 72. Bd4 Na3 73. Bf6 Nc4 74. Bd4
Nd2 75. Be5 Ne4 76. Bd4 Ng5 77. Bf6 Nf3 78. Bd4 Nd2 79. Be5 Nc4 80. Bd4
1/2-1/2

[Event "WJun Girls"]
[Site "Yerevan ARM"]
[Date "2006.10.14"]
[Round "11"]
[White "Zhang Jilin"]
[Black "Karavade,E"]
[Result "0-1"]
[WhiteElo "2292"]
[BlackElo "2321"]
[EventDate "2006.10.03"]

1. e4 c5 2. Nf3 d6 3. d4 cxd4 4. Nxd4 Nf6 5. Nc3 a6 6. Be3 e5 7. Nb3 Be6 8.
f3 Be7 9. Qd2 Nbd7 10. O-O-O O-O 11. g4 b5 12. g5 b4 13. Ne2 Ne8 14. Kb1 a5
15. f4 a4 16. Nbc1 exf4 17. Nxf4 Nc7 18. Nd5 Bxd5 19. exd5 Ne5 20. Qxb4 Qd7
21. c4 Rab8 22. Qc3 Rfc8 23. c5 Nb5 24. Bxb5 Qxb5 25. c6 Nc4 26. b3 Bd8 27.
Ba7 Ba5 28. Qd3 Na3+ 29. Kb2 Nc4+ 30. Kb1 axb3 31. axb3 Na3+ 32. Kb2 Nc4+
33. Kb1 Na3+ 34. Kb2 Qb4 35. Bxb8 Rxb8 36. Rhe1 Nb5 37. Qc4 Qa3+ 38. Kc2 g6
39. Re7 Qa1 40. Kd3 Nc7 41. Ke2 Qb2+ 42. Kf3 Qxh2 43. Qf4 Qh3+ 44. Ke2 f5
45. Qd4 Bc3 46. Qe3 Qh5+ 47. Qf3 Qh2+ 48. Kd3 Ba5 49. Qe2 Qg3+ 50. Qe3 Qg4
51. Rh1 h5 52. gxh6 Bb6 53. h7+ Kh8 54. Qe2 Qd4+ 55. Kc2 Qxd5 56. Qc4 Qg2+
57. Ne2 Nd5 58. Kb2 Qxh1 59. Rb7 Ra8 60. Nc1 Qd1 61. c7 Bd4+ 0-1

[Event "WJun Girls"]
[Site "Yerevan ARM"]
[Date "2006.10.15"]
[Round "12"]
[White "Melia,S"]
[Black "Harika,D"]
[Result "1/2-1/2"]
[WhiteElo "2395"]
[BlackElo "2353"]
[EventDate "2006.10.03"]

1. e4 c5 2. Nf3 Nc6 3. Bb5 g6 4. Bxc6 dxc6 5. d3 Bg7 6. O-O Nf6 7. Nc3 O-O
8. Be3 b6 9. h3 Ne8 10. Qd2 e5 11. a4 a5 12. Bh6 Qd6 13. Nh2 Nc7 14. Ng4
Bxg4 15. hxg4 Ne6 16. Bxg7 Kxg7 17. g3 h5 18. gxh5 Rh8 19. Kg2 Rxh5 20. Rh1
Rah8 21. Rxh5 Rxh5 22. Ne2 c4 23. Rd1 Nc5 24. dxc4 Qe6 25. f3 Qh3+ 26. Kf2
Qe6 27. Kg2 Qh3+ 28. Kf2 Qh2+ 29. Ke3 Rg5 30. b3 Qh6 31. Kf2 Qh2+ 32. Ke3
Qh6 33. Kf2 Qh2+ 34. Ke3 1/2-1/2

[Event "WJun Girls"]
[Site "Yerevan ARM"]
[Date "2006.10.15"]
[Round "12"]
[White "Karavade,E"]
[Black "Hou Yifan"]
[Result "1/2-1/2"]
[WhiteElo "2321"]
[BlackElo "2481"]
[EventDate "2006.10.03"]

1. Nf3 c5 2. e4 d6 3. Bc4 Nf6 4. d3 Nc6 5. c3 e6 6. Bb3 Be7 7. O-O O-O 8.
Re1 e5 9. Nbd2 Be6 10. Nf1 Qd7 11. a3 b5 12. Bc2 h6 13. h3 Rfe8 14. Ng3
Rac8 15. Re2 d5 16. exd5 Qxd5 17. Be3 Rcd8 18. Qe1 Qd7 19. Bd2 c4 20. d4
exd4 21. cxd4 Bd5 22. Ne5 Qb7 23. Nxc6 Bxc6 24. Nf5 Bf8 25. f3 Qd7 26. Rd1
Qd5 27. Re5 Qd7 28. Kh1 Re6 29. Qh4 Nd5 30. Rde1 Rde8 31. Qg3 Kh8 32. Bc1
f6 33. Rxe6 Rxe6 34. Re4 Qe8 35. Bd2 Rxe4 36. fxe4 Ne7 37. Nh4 g5 38. Nf3
Ng6 39. Qg4 Bd7 40. Qg3 Qe6 41. Bc3 Kg8 42. Qb8 g4 43. d5 Qf7 44. hxg4 Bxg4
45. Qg3 Bxf3 46. gxf3 Bg7 47. f4 Nf8 48. Kg1 Qg6 49. Kf2 Kf7 50. Qh3 h5 51.
Qe3 Qg4 52. Qg3 Qg6 53. Kf3 Bh6 54. Bd2 Qxg3+ 55. Kxg3 Ng6 56. Bd1 h4+ 57.
Kg4 h3 58. Bf3 Ne5+ 59. fxe5 Bxd2 60. e6+ Ke7 61. Kxh3 Bc1 62. Bd1 Bxb2 63.
a4 b4 64. Be2 c3 65. Bd1 1/2-1/2

[Event "WJun Girls"]
[Site "Yerevan ARM"]
[Date "2006.10.15"]
[Round "12"]
[White "Gomes,M"]
[Black "Mongontuul,B"]
[Result "0-1"]
[WhiteElo "2264"]
[BlackElo "2383"]
[EventDate "2006.10.03"]

1. Nf3 Nf6 2. c4 g6 3. Nc3 Bg7 4. g3 O-O 5. Bg2 c5 6. d4 cxd4 7. Nxd4 Nc6
8. Nc2 d6 9. O-O Rb8 10. b3 a6 11. Bb2 Bd7 12. a4 Qb6 13. Ne3 Na5 14. Ncd5
Qxb3 15. Bxf6 exf6 16. Ne7+ Kh8 17. Qxd6 Be6 18. Qc7 Nxc4 19. Rfb1 Nb2 20.
Nd1 f5 21. Rxb2 Bxb2 22. Rb1 Rbd8 23. Nxb2 Rd7 24. Qc5 Kg7 25. e4 b6 26.
Nxf5+ Bxf5 27. Qc4 Be6 28. Qxb3 Bxb3 29. Bf1 Rc8 30. Bxa6 Rc3 31. Kf1 Rd2
32. Ke1 Rcc2 33. Nd1 Bxa4 34. Nc3 Rd4 35. Ne2 Rb2 36. Nxd4 Rxb1+ 37. Kd2 b5
38. f4 b4 39. h4 Rd1+ 0-1

[Event "WJun Girls"]
[Site "Yerevan ARM"]
[Date "2006.10.15"]
[Round "12"]
[White "Andriasian,S"]
[Black "Hamrakulova,Y"]
[Result "0-1"]
[WhiteElo "2264"]
[BlackElo "2209"]
[EventDate "2006.10.03"]

1. e4 e5 2. Nf3 Nf6 3. Nxe5 d6 4. Nf3 Nxe4 5. Nc3 Nxc3 6. dxc3 Be7 7. Bf4
O-O 8. Qd2 Nd7 9. O-O-O Nc5 10. h4 Bg4 11. Bc4 Qd7 12. Rde1 Rae8 13. Nh2
Be6 14. Bxe6 Nxe6 15. Be3 Bxh4 16. g4 f5 17. Nf3 Bd8 18. Qd3 Qc6 19. Nd2 g6
20. gxf5 Rxf5 21. Reg1 Qd5 22. Qf1 Ng5 23. c4 Qf7 24. Qd3 Nf3 25. Nxf3 Rxf3
26. Rh6 Qf5 27. Qd4 Bf6 28. Qxa7 Rfxe3 29. fxe3 Bg5 30. Rxg5 Qxg5 31. Rh1
Qxe3+ 32. Qxe3 Rxe3 33. Kd2 Re5 34. b4 h5 35. a4 Kg7 36. a5 Kh6 37. b5 g5
38. Ra1 g4 39. a6 bxa6 40. bxa6 Re8 41. a7 Ra8 42. Ke3 Kg5 43. Kf2 c5 44.
Ke3 h4 45. Ke4 h3 46. Ke3 h2 47. Kf2 Rxa7 48. Rc1 Rh7 0-1

[Event "WJun Girls"]
[Site "Yerevan ARM"]
[Date "2006.10.15"]
[Round "12"]
[White "Marchadour,E"]
[Black "Martirosyan,L"]
[Result "0-1"]
[WhiteElo "2091"]
[BlackElo "2111"]
[EventDate "2006.10.03"]

1. e4 c6 2. d4 d5 3. Nc3 dxe4 4. Nxe4 Bf5 5. Ng3 Bg6 6. Nh3 e6 7. Nf4 Bd6
8. h4 Qc7 9. Nxg6 hxg6 10. Ne4 Bf4 11. Qg4 Bxc1 12. Rxc1 Nh6 13. Qg3 Qa5+
14. c3 Nf5 15. Nd6+ Nxd6 16. Qxd6 Nd7 17. Bc4 O-O-O 18. Qb4 Qf5 19. Qa4 Nb6
20. Qb3 Qe4+ 21. Be2 Qxg2 22. Kd2 Qe4 23. Bd3 Qf4+ 24. Kc2 Rxh4 25. Rhf1
Rh2 26. Kb1 Rxf2 27. Rxf2 Qxf2 28. Rf1 Qe3 29. Bc2 f5 30. Qa3 Nc4 0-1

[Event "WJun Girls"]
[Site "Yerevan ARM"]
[Date "2006.10.15"]
[Round "12"]
[White "Kadziolka,B"]
[Black "Aketaeva,D"]
[Result "1/2-1/2"]
[WhiteElo "2346"]
[BlackElo "2312"]
[EventDate "2006.10.03"]

1. e4 d6 2. d4 Nf6 3. Nc3 g6 4. f4 Bg7 5. Nf3 c5 6. Bb5+ Bd7 7. e5 Ng4 8.
e6 fxe6 9. Ng5 Bxb5 10. Nxe6 Bxd4 11. Nxd8 Bf2+ 12. Kd2 Be3+ 13. Ke1
1/2-1/2

[Event "WJun Girls"]
[Site "Yerevan ARM"]
[Date "2006.10.15"]
[Round "12"]
[White "Kharatyan,A"]
[Black "Perez Rodriguez,Je"]
[Result "1/2-1/2"]
[WhiteElo "2070"]
[BlackElo "2250"]
[EventDate "2006.10.03"]

1. e4 e5 2. Nf3 Nc6 3. Bc4 Nf6 4. O-O Nxe4 5. Bd5 Nf6 6. Bxc6 dxc6 7. Nxe5
Bd6 8. d4 h6 9. c3 O-O 10. Qb3 c5 11. Be3 cxd4 12. cxd4 c6 13. Nc3 Qc7 14.
f4 Be6 15. Qc2 Nd5 16. Rae1 f6 17. Ng6 Rfe8 18. Bc1 Nb4 19. Qd1 Bc4 20. Rf3
Qf7 21. f5 Rxe1+ 22. Qxe1 Nd3 23. Qd2 Re8 24. Rxd3 Bxd3 25. Qxd3 Re1+ 26.
Kf2 Rxc1 27. Qd2 Rh1 28. Ne4 Qd5 29. Nxd6 Qxd6 30. Qe3 Qd7 31. Qb3+ Qf7 32.
Ne7+ Kf8 33. Ng6+ Ke8 34. Qb4 Rb1 35. Qd6 Rxb2+ 36. Kg3 Rb5 37. Qb8+ Kd7
38. Nf8+ Ke7 39. Ng6+ Kd7 40. Nf8+ Ke7 41. Ng6+ Kd7 42. Nf8+ 1/2-1/2

[Event "WJun Girls"]
[Site "Yerevan ARM"]
[Date "2006.10.15"]
[Round "12"]
[White "Solic,K"]
[Black "Darbinyan,A"]
[Result "1/2-1/2"]
[WhiteElo "2129"]
[BlackElo "2102"]
[EventDate "2006.10.03"]

1. e4 d5 2. exd5 Qxd5 3. Nc3 Qa5 4. d4 Nf6 5. Bc4 c6 6. Nf3 Bf5 7. Bd2 e6
8. Qe2 Bb4 9. O-O-O Nbd7 10. a3 Bxc3 11. Bxc3 Qc7 12. Ne5 Nxe5 13. Qxe5
Qxe5 14. dxe5 Nd5 15. Bd4 b6 16. f3 O-O-O 17. Bf2 h6 18. g3 Kc7 19. Rd2 Ne7
20. Rhd1 Rxd2 21. Rxd2 g5 22. Be2 Bh7 23. a4 Ng6 24. Bd4 Rd8 25. Bc3 Ne7
26. Rxd8 Kxd8 27. Bd2 Nf5 28. Bd3 Bg6 29. Bxf5 Bxf5 30. Be3 c5 31. Kd2 Kd7
32. a5 Kc6 33. axb6 axb6 34. c4 1/2-1/2

[Event "WJun Girls"]
[Site "Yerevan ARM"]
[Date "2006.10.15"]
[Round "12"]
[White "Rudolf,An"]
[Black "Zhang Jilin"]
[Result "1-0"]
[WhiteElo "2265"]
[BlackElo "2292"]
[EventDate "2006.10.03"]

1. e4 c5 2. Nf3 d6 3. d4 cxd4 4. Nxd4 Nf6 5. Nc3 a6 6. Bc4 e6 7. Bb3 b5 8.
Bg5 Be7 9. Qf3 Qb6 10. O-O-O Nbd7 11. Rhe1 O-O 12. Qg3 Nc5 13. Bh6 Ne8 14.
Kb1 Bf6 15. Be3 Qc7 16. a3 Rb8 17. Bg5 b4 18. axb4 Rxb4 19. Bxf6 Nxf6 20.
e5 dxe5 21. Qxe5 Qxe5 22. Rxe5 Nxb3 23. Nxb3 Bb7 24. f3 Nd5 25. Nxd5 Bxd5
26. Rd4 Rb5 27. Re3 Rc8 28. Ra4 Bxb3 29. Rxb3 Rxb3 30. cxb3 Rc6 31. Rc4
Rxc4 32. bxc4 a5 33. Ka2 e5 34. g4 f6 35. Ka3 g6 36. b4 axb4+ 37. Kxb4 Kf7
38. Kc5 h5 39. h3 hxg4 40. hxg4 Ke6 41. Kb6 Kd7 42. c5 Kc8 43. Kc6 f5 44.
Kd5 1-0

[Event "WJun Girls"]
[Site "Yerevan ARM"]
[Date "2006.10.15"]
[Round "12"]
[White "Hoang Thi Bao Tram"]
[Black "Dolgova,O"]
[Result "1-0"]
[WhiteElo "2345"]
[BlackElo "2259"]
[EventDate "2006.10.03"]

1. e4 c6 2. d4 d5 3. Nc3 dxe4 4. Nxe4 Bf5 5. Ng3 Bg6 6. h4 h6 7. Nf3 Nd7 8.
h5 Bh7 9. Bd3 Bxd3 10. Qxd3 e6 11. Bd2 Qc7 12. O-O-O O-O-O 13. Qe2 Ngf6 14.
Ne5 Nb6 15. Ba5 Rd5 16. Bxb6 axb6 17. c4 Rd8 18. Kb1 Bd6 19. f4 Rhe8 20.
Rd3 Qe7 21. Rhd1 Rg8 22. Qf3 g6 23. hxg6 fxg6 24. Rb3 g5 25. c5 Qh7+ 26.
Kc1 g4 27. Qe2 bxc5 28. dxc5 Bb8 29. Rf1 Rd5 30. Rc3 Qe7 31. Nd3 h5 32. Re1
Re8 33. Ne4 Nxe4 34. Qxe4 h4 35. Kc2 Qf6 36. Rc4 Red8 37. Re3 Re8 38. Nb4
Rf5 39. Nxc6 Rxf4 40. Na7+ Kd8 1-0

[Event "WJun Girls"]
[Site "Yerevan ARM"]
[Date "2006.10.15"]
[Round "12"]
[White "Mikadze,M"]
[Black "Abrahamyan,T"]
[Result "0-1"]
[WhiteElo "2229"]
[BlackElo "2292"]
[EventDate "2006.10.03"]

1. e4 e6 2. d3 d5 3. Nd2 Nf6 4. Ngf3 c5 5. g3 Nc6 6. Bg2 Be7 7. O-O b6 8.
Re1 Bb7 9. exd5 exd5 10. d4 O-O 11. Nf1 Re8 12. dxc5 bxc5 13. Bf4 Qb6 14.
Ne3 Rad8 15. Nf5 Bf8 16. Rxe8 Rxe8 17. Bd6 Bc8 18. N3h4 Qxb2 19. Bxf8 Rxf8
20. Ne3 Be6 21. a4 Nb4 22. Rb1 Qa3 23. Qd2 Qa2 24. Qc1 Qxa4 25. c3 Na2 26.
Qd2 d4 27. cxd4 Qxd4 28. Qa5 Nc3 29. Nf3 Qd3 30. Rf1 Nfe4 31. Qxa7 Ne2+ 32.
Kh1 Nxf2+ 33. Rxf2 Qxe3 34. Rf1 Qh6 35. Qc7 c4 36. Qe5 Nc1 37. Ng5 Nd3 38.
Qb5 Qh5 39. Bf3 Bg4 40. Qxc4 Ne5 41. Qf4 Nxf3 42. Nxf3 h6 43. Nd4 Re8 44.
Kg1 Bh3 45. Rc1 Qd5 46. Qf2 Re4 47. Nf3 Re6 48. Nh4 Rf6 49. Qb2 Qc5+ 50.
Kh1 g5 51. Ng2 Rf2 0-1

[Event "WJun Girls"]
[Site "Yerevan ARM"]
[Date "2006.10.15"]
[Round "12"]
[White "Hemmatizadeh,N"]
[Black "Priya,P"]
[Result "0-1"]
[WhiteElo "1914"]
[BlackElo "2128"]
[EventDate "2006.10.03"]

1. c4 e5 2. Nc3 Nf6 3. Nf3 Nc6 4. d4 exd4 5. Nxd4 Bb4 6. Bg5 h6 7. Bh4 O-O
8. Rc1 Nxd4 9. Qxd4 g5 10. Bg3 c5 11. Qd3 d5 12. cxd5 Qxd5 13. Qxd5 Nxd5
14. a3 Bxc3+ 15. bxc3 Be6 16. Bd6 Rfc8 17. e4 Nb6 18. c4 Rc6 19. Bg3 Nd7
20. h4 g4 21. f4 Re8 22. Kf2 f6 23. Bd3 Ra6 24. Rc3 Nb6 25. Rhc1 Rd8 26.
Ke2 Nd7 27. e5 fxe5 28. fxe5 Re8 29. Bg6 Bf7 30. Bxf7+ Kxf7 31. Re3 Rae6
32. Rf1+ Kg6 33. Rf4 h5 34. Rfe4 Nf6 35. Rf4 Rxe5 36. Rxf6+ Kxf6 37. Bxe5+
Rxe5 38. Kd3 Rxe3+ 39. Kxe3 Ke5 40. g3 a6 41. a4 b6 42. Kd3 Kd6 43. Ke4 Kc6
44. Kf5 b5 45. cxb5+ axb5 46. axb5+ Kxb5 47. Kg5 c4 48. Kxh5 c3 49. Kxg4 c2
50. Kf5 c1=Q 51. g4 Qh6 0-1

[Event "WJun Girls"]
[Site "Yerevan ARM"]
[Date "2006.10.15"]
[Round "12"]
[White "Arutyunova,D"]
[Black "Videnova,I"]
[Result "1-0"]
[WhiteElo "2362"]
[BlackElo "2141"]
[EventDate "2006.10.03"]

1. e4 c5 2. Nf3 d6 3. d4 cxd4 4. Nxd4 Nf6 5. Nc3 g6 6. f3 Bg7 7. Be3 O-O 8.
Bc4 Nc6 9. Qd2 Bd7 10. h4 Ne5 11. Bb3 Qa5 12. O-O-O Rfc8 13. Kb1 Nc4 14.
Bxc4 Rxc4 15. Nb3 Qe5 16. Bd4 Qe6 17. Ne2 Ra4 18. h5 Qc4 19. Nc3 e5 20. Be3
Ra6 21. Bh6 Bxh6 22. Qxh6 Be6 23. Qg5 Ne8 24. hxg6 fxg6 25. Rh6 Kg7 26.
Qe7+ Bf7 27. Rdh1 Nf6 28. Nd5 Nh5 29. Qg5 Kf8 30. Rxh7 Bxd5 31. exd5 Qxd5
32. Qxg6 1-0

[Event "WJun Girls"]
[Site "Yerevan ARM"]
[Date "2006.10.15"]
[Round "12"]
[White "Soumya,S"]
[Black "Papadopoulou,V"]
[Result "1-0"]
[WhiteElo "2154"]
[BlackElo "2246"]
[EventDate "2006.10.03"]

1. e4 c5 2. Nf3 d6 3. d4 cxd4 4. Nxd4 Nf6 5. Nc3 a6 6. f3 e5 7. Nb3 Be6 8.
Be3 Be7 9. Qd2 Nbd7 10. O-O-O b5 11. g4 Nb6 12. g5 Nfd7 13. Kb1 Rc8 14. h4
Qc7 15. f4 b4 16. Nd5 Nxd5 17. exd5 Bf5 18. Rh2 O-O 19. Bxa6 Ra8 20. Bb5
exf4 21. Bd4 Nb6 22. Qxf4 g6 23. Bc6 Ra6 24. h5 Nc4 25. Qf1 Rxc6 26. dxc6
Qxc6 27. Qf4 Qa6 28. Rdh1 Ra8 29. Nc1 b3 30. Ka1 Bxc2 31. Rxc2 bxc2 32.
hxg6 fxg6 33. Rxh7 Ne5 34. Bxe5 Bf6 35. Bxf6 Kxh7 36. Qh2+ Kg8 37. Qxc2 Kf7
38. Qb3+ Kf8 39. Qe6 Re8 40. Bg7+ Kxg7 41. Qxe8 Qf1 42. Qe3 d5 43. Qe5+ Kh7
44. Kb1 Qd1 45. Qe7+ Kg8 46. Qe2 Qh1 47. Qe8+ 1-0

[Event "WJun Girls"]
[Site "Yerevan ARM"]
[Date "2006.10.15"]
[Round "12"]
[White "Zarkua,E"]
[Black "Muhren,B"]
[Result "1-0"]
[WhiteElo "1920"]
[BlackElo "2336"]
[EventDate "2006.10.03"]

1. d4 d5 2. c4 dxc4 3. Nf3 Nf6 4. e3 e6 5. Bxc4 c5 6. O-O a6 7. dxc5 Bxc5
8. Qxd8+ Kxd8 9. Ne5 Ke7 10. Be2 Bd7 11. Bf3 Nc6 12. Nxc6+ Bxc6 13. Bxc6
bxc6 14. Nd2 Rhd8 15. b3 Rac8 16. Nc4 Ne4 17. Bb2 f6 18. Rfd1 Rd5 19. Rac1
Rcd8 20. Rxd5 cxd5 21. Na5 Kd7 22. Nb7 Rc8 23. Nxc5+ Rxc5 24. Rxc5 Nxc5 25.
Kf1 Kc6 26. Ke2 Kb5 27. f3 Kb4 28. g4 e5 29. Kd2 Ne6 30. Kd3 Ng5 31. Ke2
Ne6 32. Kd3 Ng5 33. Ke2 e4 34. f4 Nf3 35. h3 h6 36. Bc1 Ng1+ 37. Kf2 Nxh3+
38. Kg2 Nxf4+ 39. exf4 Kc3 40. Kf2 Kc2 41. Be3 Kb2 42. Bb6 Kxa2 43. Ke3
Kxb3 44. Kd4 e3 45. Kxe3 Kc4 46. f5 Kb5 47. Bd8 Kc4 48. Ba5 Kb5 49. Bd2 Kc4
50. Be1 Kc5 51. Kd3 Kd6 52. Kd4 Ke7 53. Bb4+ Kf7 54. Kxd5 Kg8 55. Ke6 Kh7
56. Kf7 h5 57. gxh5 Kh6 58. Bd2+ Kh7 59. h6 gxh6 60. Kxf6 h5 61. Kg5 Kg7
62. Bc3+ Kf7 63. Kxh5 1-0

[Event "WJun Girls"]
[Site "Yerevan ARM"]
[Date "2006.10.15"]
[Round "12"]
[White "Purtseladze,M"]
[Black "Pourkashiyan,A"]
[Result "0-1"]
[WhiteElo "2329"]
[BlackElo "2330"]
[EventDate "2006.10.03"]

1. Nf3 d5 2. g3 Nf6 3. Bg2 c6 4. c4 dxc4 5. O-O Bf5 6. Nc3 e6 7. a4 Bb4 8.
Re1 Nbd7 9. Nd4 Bg6 10. Nc2 Bc5 11. a5 O-O 12. a6 b5 13. Ne3 Rc8 14. b3
cxb3 15. Qxb3 Ne5 16. h3 Qb6 17. d3 Bd4 18. Bd2 Nfd7 19. Reb1 Rb8 20. Ra2
Nc5 21. Qb4 Rfd8 22. Qa5 b4 23. Ncd1 b3 24. Ra3 Nexd3 25. Qxb6 Rxb6 26.
exd3 Bxd3 27. Rb2 Bxb2 28. Nxb2 Rxa6 29. Rxa6 Bxa6 30. Ba5 Rc8 31. Bf1 Bxf1
32. Kxf1 Nb7 33. Bc3 Nd6 34. Ke2 Nb5 35. Ba5 c5 36. Kd3 Nd6 37. Nec4 Nb5
38. Nd2 Nd4 39. Kc4 Kf8 40. Nxb3 Nxb3 41. Kxb3 Ke7 42. Kc4 Kd6 43. Na4 h5
44. h4 Ke5 45. Nxc5 Kf5 46. f3 g5 47. hxg5 Kxg5 48. Kd4 Kf5 49. Ne4 Rc1 50.
Nd6+ Kg6 51. Nc4 f6 52. Bc7 e5+ 53. Kd5 Rc3 54. f4 Rd3+ 55. Ke6 Rc3 56. Kd5
Rxg3 57. fxe5 fxe5 58. Bxe5 Rg2 59. Ke4 Ra2 60. Kf3 Kf5 61. Bd6 a5 62. Nxa5
Rxa5 63. Kg3 Ra4 64. Be7 Re4 65. Bd8 Rg4+ 66. Kh3 Rg1 67. Be7 Kf4 68. Kh2
Re1 69. Bd8 Kg4 70. Bf6 Re2+ 71. Kh1 Kh3 72. Bd4 Rd2 73. Bc5 Rh2+ 74. Kg1
Rc2 75. Be3 Re2 76. Bf2 Rb2 77. Bd4 Rb1+ 78. Kf2 Rd1 79. Be5 Rc1 80. Bd6
Rb1 81. Be5 h4 82. Bd6 Rb6 83. Bc7 Rg6 84. Be5 Kg4 85. Bc7 Kf5 86. Kf3 h3
87. Bg3 Rg8 88. Bc7 Rg2 89. Bg3 Rb2 0-1

[Event "WJun Girls"]
[Site "Yerevan ARM"]
[Date "2006.10.15"]
[Round "12"]
[White "Nadig,K"]
[Black "Frisk,E"]
[Result "1-0"]
[WhiteElo "2184"]
[BlackElo "2025"]
[EventDate "2006.10.03"]

1. e4 e6 2. d4 d5 3. Nc3 Bb4 4. e5 c5 5. a3 Bxc3+ 6. bxc3 Qc7 7. Nf3 b6 8.
Bb5+ Bd7 9. Bd3 Ba4 10. O-O c4 11. Be2 Ne7 12. h4 Nd7 13. h5 h6 14. Nh4
O-O-O 15. Bg4 Qc6 16. Qe2 Rdg8 17. g3 Kb8 18. Kh2 Nf8 19. Be3 Ka8 20. Qd2
Rh7 21. Rae1 Qe8 22. Bd1 Rgh8 23. Ng2 Nd7 24. f4 g6 25. Bf2 Rg8 26. Rg1 Kb8
27. Ne3 Nf5 28. g4 Nxe3 29. Qxe3 Qe7 30. Qc1 Rhh8 31. Kh3 Qf8 32. Bf3 Qc8
33. Bh4 Qf8 34. Ref1 Qe8 35. Bg3 Kc8 36. Qd2 Nf8 37. Qg2 Qd7 38. Qe2 Nh7
39. Bh4 g5 40. fxg5 Nxg5+ 41. Kh2 Rh7 42. Bh1 Qe7 43. Qf2 Kd8 44. Rb1 Kc8
45. Rgf1 Kd8 46. Rbc1 Rgg7 47. Qe1 Rg8 48. Rf6 Ke8 49. Bg2 Rhh8 50. Rf4 Rh7
51. Bf3 Rgg7 52. Be2 Qc7 53. Qh1 Rg8 54. Bf3 Qd7 55. Bg2 Qd8 56. Kg3 Qd7
57. Qd1 Qe7 58. Ra1 Rgg7 59. Qb1 Rg8 60. Qb2 Rgg7 61. Rff1 Rg8 62. Rac1
Rhg7 63. Rf4 Rh7 64. Qb4 Qxb4 65. cxb4 Ke7 66. Rf6 Rgg7 67. Kf4 Ke8 68.
Rxh6 Rxh6 69. Bxg5 Rhh7 70. Bf6 Rg8 71. Bf3 Kd7 72. c3 Kc7 73. g5 Kb7 74.
Bg4 Bd7 75. Rh1 Ba4 76. g6 fxg6 77. Bxe6 Rf8 78. h6 Kc6 79. Kg5 Bc2 80. b5+
Kxb5 81. Bxd5 Bd3 82. e6 Re8 83. Re1 Bc2 84. Re3 Ka6 85. Bxc4+ Kb7 86. Bb5
1-0